000 00501nam a2200169Ia 4500
008 090201s9999 xx 000 0 und d
010 _aKPL-50380
040 _bमराठी
041 _aमराठी
082 _a6613
_b50380
100 _aयु म पठाण
245 _aपाउल खुणा
_cयु म पठाण
260 _c2004
_bदिलीपराज प्रकाशन
300 _a151
_bमोठा
600 _aपाउल खुणा
942 _cBOOK
999 _c207429
_d207429